000 01950nam a2200361 a 4500
001 ebr10623269
003 CaPaEBR
006 m u
007 cr cn|||||||||
008 100610s2009 enk sb 001 0 eng d
010 _z 2009512690
020 _z9780719076640 (hbk.)
020 _z0719076641 (hbk.)
020 _z9781847793263 (e-book)
040 _aCaPaEBR
_cCaPaEBR
035 _a(OCoLC)760423932
043 _ae-uk-ni
050 1 4 _aHQ29
_b.M329 2009eb
082 0 4 _a306.708209416
_222
100 1 _aMcCormick, Leanne.
245 1 0 _aRegulating sexuality
_h[electronic resource] :
_bwomen in twentieth-century Northern Ireland /
_cLeanne McCormick.
260 _aManchester, U.K. ;
_aNew York :
_bManchester University Press ;
_aNew York :
_bDistributed in the USA by Palgrave Macmillan,
_cc2009.
300 _axiii, 249 p.
504 _aIncludes bibliographical references and index.
505 0 _a'Dirty girls and bad houses' : prostitutes and prostitution -- 'Angels who have lost their way' : the work of rescue and reform homes -- 'Modesty is the sister of virtue' : moral prevention work with girls -- 'People should keep a grip of themselves' : treatment and prevention of VD -- 'One Yank and they're off' : interaction between US Troops and Northern Irish women, 1942-1945 -- 'Confused with prejudice and muddled thinking' : preventing pregnancy.
533 _aElectronic reproduction.
_bPalo Alto, Calif. :
_cebrary,
_d2011.
_nAvailable via World Wide Web.
_nAccess may be limited to ebrary affiliated libraries.
650 0 _aWomen
_xSexual behavior
_zNorthern Ireland.
650 0 _aWomen
_zNorthern Ireland
_xHistory
_y20th century.
650 0 _aWomen
_zNorthern Ireland
_xSocial conditions
_y20th century.
655 7 _aElectronic books.
_2local
710 2 _aebrary, Inc.
856 4 0 _uhttp://site.ebrary.com/lib/rucke/Doc?id=10623269
_zAn electronic book accessible through the World Wide Web; click to view
999 _c158941
_d158941